北京地铁车站列表(2024-12-15+) Beijing Subway Stations - Statistics

General Stats
  • This quiz has been taken 24 times
    21 since last reset
  • The average score is 363 of 521
Answer Stats
Group Name % Correct
1号线-八通线 | 9号线 军事博物馆
100%
1号线-八通线 天安门西
100%
1号线-八通线 天安门东
100%
1号线-八通线 | 2号线 建国门
100%
13号线 | 2号线 | 4号线-大兴线 西直门
100%
13号线 | 2号线 | 首都机场线 东直门
100%
2号线 | 8号线 前门
100%
16号线 | 4号线-大兴线 | 9号线 国家图书馆
100%
5号线 天通苑北
100%
5号线 天通苑
100%
5号线 天通苑南
100%
10号线 | 19号线 牡丹园
100%
10号线 | 1号线-八通线 公主坟
94%
1号线-八通线 | 2号线 复兴门
94%
1号线-八通线 | 4号线-大兴线 西单
94%
1号线-八通线 | 5号线 东单
94%
10号线 | 1号线-八通线 国贸
94%
2号线 | 3号线 东四十条
94%
2号线 | 6号线 朝阳门
94%
2号线 | 5号线 崇文门
94%
2号线 | 4号线-大兴线 宣武门
94%
17号线(北) | 3号线 工人体育场
94%
4号线-大兴线 中关村
94%
4号线-大兴线 西四
94%
4号线-大兴线 | 7号线 菜市口
94%
5号线 | 6号线 东四
94%
5号线 | 7号线 磁器口
94%
10号线 | 5号线 | 亦庄线 宋家庄
94%
6号线 | 9号线 白石桥南
94%
7号线 | 9号线 北京西站
94%
7号线 | 8号线 珠市口
94%
10号线 | 8号线 北土城
94%
10号线 | 9号线 六里桥
94%
10号线 | 昌平线 西土城
94%
10号线 | 14号线 | 17号线(南) 十里河
94%
10号线 大红门
94%
1号线-八通线 四惠
88%
1号线-八通线 四惠东
88%
19号线 | 2号线 积水潭
88%
2号线 | 8号线 鼓楼大街
88%
2号线 | 5号线 雍和宫
88%
4号线-大兴线 北京大学东门
88%
10号线 | 4号线-大兴线 海淀黄庄
88%
12号线 | 4号线-大兴线 人民大学
88%
4号线-大兴线 动物园
88%
14号线 | 4号线-大兴线 北京南站
88%
10号线 | 4号线-大兴线 角门西
88%
5号线 张自忠路
88%
6号线 | 8号线 南锣鼓巷
88%
7号线 广安门内
88%
8号线 森林公园南门
88%
15号线 | 8号线 奥林匹克公园
88%
8号线 奥体中心
88%
10号线 | 16号线 苏州街
88%
10号线 | 12号线 | 首都机场线 三元桥
88%
10号线 成寿寺
88%
10号线 角门东
88%
10号线 | 19号线 | 大兴机场线 草桥
88%
10号线 | 14号线 西局
88%
13号线 五道口
88%
19号线 牛街
88%
大兴机场线 大兴机场
88%
16号线 | 1号线-八通线 木樨地
82%
1号线-八通线 | 8号线 王府井
82%
1号线-八通线 传媒大学
82%
2号线 北京站
82%
2号线 和平门
82%
2号线 长椿街
82%
10号线 | 3号线 团结湖
82%
4号线-大兴线 新街口
82%
19号线 | 4号线-大兴线 | 6号线 平安里
82%
4号线-大兴线 灵境胡同
82%
4号线-大兴线 陶然亭
82%
6号线 | S1线 苹果园
82%
10号线 | 6号线 慈寿寺
82%
6号线 花园桥
82%
6号线 北海北
82%
10号线 | 6号线 呼家楼
82%
14号线 | 6号线 金台路
82%
6号线 潞城
82%
7号线 湾子
82%
7号线 广渠门内
82%
7号线 广渠门外
82%
10号线 | 7号线 双井
82%
8号线 中国美术馆
82%
10号线 | 西郊线 巴沟
82%
10号线 知春里
82%
10号线 | 13号线 知春路
82%
10号线 健德门
82%
10号线 安贞门
82%
10号线 农业展览馆
82%
10号线 金台夕照
82%
10号线 劲松
82%
10号线 潘家园
82%
10号线 | 房山线 首经贸
82%
10号线 | 16号线 丰台站
82%
10号线 泥洼
82%
昌平线 昌平
82%
1号线-八通线 永安里
76%
1号线-八通线 | 7号线 环球度假区
76%
2号线 | 6号线 车公庄
76%
3号线 朝阳站
76%
4号线-大兴线 圆明园
76%
4号线-大兴线 魏公村
76%
4号线-大兴线 黄村西大街
76%
4号线-大兴线 黄村火车站
76%
4号线-大兴线 天宫院
76%
10号线 | 5号线 惠新西街南口
76%
5号线 | 首都机场线 北新桥
76%
5号线 灯市口
76%
11号线 | 6号线 | S1线 金安桥
76%
6号线 西黄村
76%
6号线 田村
76%
6号线 海淀五路居
76%
16号线 | 6号线 二里沟
76%
6号线 车公庄西
76%
6号线 东大桥
76%
6号线 青年路
76%
6号线 常营
76%
16号线 | 7号线 达官营
76%
7号线 虎坊桥
76%
7号线 桥湾
76%
14号线 | 7号线 九龙山
76%
8号线 什刹海
76%
8号线 金鱼胡同
76%
8号线 瀛海
76%
10号线 | 13号线 芍药居
76%
10号线 | 17号线(北) 太阳宫
76%
10号线 亮马桥
76%
10号线 分钟寺
76%
10号线 纪家庙
76%
10号线 | 12号线 长春桥
76%
10号线 火器营
76%
12号线 | 13号线 大钟寺
76%
13号线 上地
76%
15号线 顺义
76%
19号线 新发地
76%
房山线 良乡大学城
76%
亦庄线 亦庄火车站
76%
西郊线 国家植物园
76%
西郊线 香山
76%
大兴机场线 大兴新城
76%
1号线-八通线 古城
71%
1号线-八通线 八角游乐园
71%
1号线-八通线 南礼士路
71%
1号线-八通线 高碑店
71%
1号线-八通线 梨园
71%
2号线 安定门
71%
14号线 | 3号线 朝阳公园
71%
3号线 东坝南
71%
3号线 东坝
71%
12号线 | 3号线 东坝北
71%
4号线-大兴线 安河桥北
71%
19号线 | 4号线-大兴线 新宫
71%
5号线 天坛东门
71%
6号线 廖公庄
71%
6号线 十里堡
71%
6号线 褡裢坡
71%
6号线 通州北关
71%
6号线 北运河东
71%
7号线 焦化厂
71%
8号线 | 昌平线 朱辛庄
71%
13号线 | 8号线 霍营
71%
8号线 安德里北街
71%
14号线 | 8号线 永定门外
71%
9号线 六里桥东
71%
14号线 | 9号线 七里庄
71%
9号线 | 房山线 郭公庄
71%
10号线 石榴庄
71%
10号线 莲花桥
71%
10号线 西钓鱼台
71%
10号线 车道沟
71%
12号线 | 16号线 苏州桥
71%
13号线 回龙观
71%
13号线 | 15号线 望京西
71%
14号线 园博园
71%
14号线 | 19号线 景风门
71%
14号线 | 15号线 望京
71%
14号线 善各庄
71%
15号线 清华东路西口
71%
16号线 永丰
71%
16号线 永丰南
71%
17号线(南) | 亦庄线 次渠
71%
昌平线 十三陵景区
71%
亦庄线 小红门
71%
亦庄线 亦庄文化园
71%
燕房线 燕山
71%
西郊线 颐和园西门
71%
首都机场线 2号航站楼
71%
首都机场线 3号航站楼
71%
1号线-八通线 五棵松
65%
14号线 | 1号线-八通线 大望路
65%
1号线-八通线 管庄
65%
1号线-八通线 | 7号线 花庄
65%
2号线 阜成门
65%
4号线-大兴线 北宫门
65%
16号线 | 4号线-大兴线 西苑
65%
4号线-大兴线 高米店北
65%
4号线-大兴线 清源路
65%
4号线-大兴线 生物医药基地
65%
15号线 | 5号线 大屯路东
65%
12号线 | 5号线 和平西桥
65%
6号线 北运河西
65%
8号线 回龙观东大街
65%
12号线 | 8号线 安华桥
65%
8号线 天桥
65%
8号线 木樨园
65%
8号线 大红门南
65%
8号线 东高地
65%
8号线 火箭万源
65%
16号线 | 9号线 丰台南路
65%
12号线 四季青桥
65%
12号线 | 昌平线 蓟门桥
65%
12号线 | 19号线 北太平庄
65%
12号线 | 13号线 光熙门
65%
12号线 东坝西
65%
13号线 | 昌平线 清河站
65%
13号线 | 昌平线 西二旗
65%
13号线 龙泽
65%
13号线 北苑
65%
14号线 张郭庄
65%
14号线 丽泽商务区
65%
14号线 北工大西门
65%
14号线 东风北桥
65%
14号线 望京南
65%
15号线 | 昌平线 六道口
65%
15号线 北沙滩
65%
15号线 关庄
65%
15号线 望京东
65%
15号线 国展
65%
15号线 花梨坎
65%
15号线 后沙峪
65%
15号线 南法信
65%
15号线 俸伯
65%
16号线 宛平城
65%
19号线 太平桥
65%
房山线 大葆台
65%
房山线 良乡大学城北
65%
房山线 良乡大学城西
65%
房山线 | 燕房线 阎村东
65%
昌平线 昌平东关
65%
昌平线 沙河高教园
65%
昌平线 沙河
65%
昌平线 学院桥
65%
亦庄线 次渠南
65%
燕房线 阎村
65%
S1线 上岸
65%
S1线 石厂
65%
西郊线 万安
65%
1号线-八通线 八宝山
59%
1号线-八通线 玉泉路
59%
1号线-八通线 万寿路
59%
1号线-八通线 双桥
59%
1号线-八通线 九棵树
59%
4号线-大兴线 马家堡
59%
4号线-大兴线 公益西桥
59%
4号线-大兴线 西红门
59%
4号线-大兴线 高米店南
59%
13号线 | 5号线 立水桥
59%
5号线 立水桥南
59%
5号线 北苑路北
59%
5号线 惠新西街北口
59%
5号线 和平里北街
59%
6号线 杨庄
59%
6号线 草房
59%
6号线 物资学院路
59%
6号线 东夏园
59%
7号线 百子湾
59%
7号线 化工
59%
7号线 欢乐谷景区
59%
7号线 垡头
59%
7号线 万盛西
59%
7号线 万盛东
59%
7号线 高楼金
59%
8号线 林萃桥
59%
8号线 海户屯
59%
9号线 白堆子
59%
9号线 科怡路
59%
9号线 丰台科技园
59%
11号线 模式口
59%
11号线 北辛安
59%
11号线 新首钢
59%
12号线 蓝靛厂
59%
12号线 马甸桥
59%
12号线 高家园
59%
13号线 柳芳
59%
14号线 东管头
59%
14号线 西铁营
59%
14号线 景泰
59%
14号线 方庄
59%
14号线 阜通
59%
14号线 来广营
59%
15号线 安立路
59%
15号线 石门
59%
16号线 北安河
59%
16号线 稻香湖路
59%
16号线 西北旺
59%
16号线 马连洼
59%
16号线 农大南路
59%
16号线 万寿寺
59%
16号线 甘家口
59%
16号线 | 房山线 东管头南
59%
16号线 看丹
59%
17号线(北) 未来科学城
59%
17号线(北) 未来科学城北
59%
房山线 稻田
59%
房山线 长阳
59%
房山线 广阳城
59%
房山线 良乡南关
59%
房山线 苏庄
59%
昌平线 生命科学园
59%
昌平线 朱房北
59%
亦庄线 荣京东街
59%
亦庄T1线 | 亦庄线 荣昌东街
59%
亦庄线 经海路
59%
燕房线 房山城关
59%
西郊线 茶棚
59%
1号线-八通线 土桥
53%
3号线 石佛营
53%
3号线 姚家园
53%
4号线-大兴线 枣园
53%
5号线 刘家窑
53%
6号线 郝家府
53%
7号线 大郊亭
53%
7号线 黄厂
53%
7号线 黑庄户
53%
8号线 育知路
53%
8号线 平西府
53%
8号线 西小口
53%
8号线 五福堂
53%
8号线 德茂
53%
9号线 丰台东大街
53%
12号线 | 17号线(北) 西坝河
53%
14号线 菜户营
53%
14号线 将台
53%
15号线 马泉营
53%
15号线 孙河
53%
16号线 万泉河桥
53%
16号线 玉渊潭东门
53%
16号线 红莲南路
53%
17号线(南) 十八里店
53%
17号线(南) 北神树
53%
17号线(南) 嘉会湖
53%
17号线(北) 左家庄
53%
17号线(北) 红军营
53%
17号线(北) 天通苑东
53%
房山线 花乡东桥
53%
房山线 白盆窑
53%
亦庄线 肖村
53%
亦庄线 旧宫
53%
亦庄线 亦庄桥
53%
S1线 四道桥
53%
1号线-八通线 八里桥
47%
1号线-八通线 通州北苑
47%
1号线-八通线 果园
47%
4号线-大兴线 义和庄
47%
14号线 | 5号线 蒲黄榆
47%
6号线 黄渠
47%
12号线 安贞桥
47%
12号线 将台西
47%
14号线 大井
47%
16号线 屯佃
47%
16号线 富丰桥
47%
16号线 榆树庄
47%
16号线 洪泰庄
47%
17号线(南) 次渠北
47%
昌平线 昌平西山口
47%
昌平线 北邵洼
47%
昌平线 南邵
47%
昌平线 巩华城
47%
昌平线 清河小营桥
47%
昌平线 学知园
47%
燕房线 星城
47%
S1线 小园
47%
亦庄T1线 亦创会展中心
47%
7号线 南楼梓庄
41%
7号线 双合
41%
7号线 群芳
41%
8号线 育新
41%
8号线 和义
41%
14号线 大瓦窑
41%
14号线 郭庄子
41%
14号线 平乐园
41%
14号线 枣营
41%
14号线 东湖渠
41%
15号线 崔各庄
41%
16号线 温阳路
41%
17号线(南) 周家庄
41%
燕房线 紫草坞
41%
燕房线 大石河东
41%
燕房线 饶乐府
41%
S1线 桥户营
41%
亦庄T1线 鹿圈东
41%
亦庄T1线 屈庄
41%
1号线-八通线 临河里
35%
7号线 郎辛庄
35%
8号线 永泰庄
35%
12号线 驼房营
35%
17号线(北) 清河营
35%
亦庄线 万源街
35%
S1线 栗园庄
35%
亦庄T1线 定海园
35%
亦庄T1线 定海园西
35%
亦庄T1线 经海一路
35%
亦庄T1线 亦庄同仁
35%
房山线 篱笆房
29%
亦庄线 同济南路
29%
燕房线 马各庄
24%
亦庄T1线 泰河路
24%
亦庄T1线 九号村
24%
亦庄T1线 四海庄
24%
亦庄T1线 太和桥北
18%
亦庄T1线 瑞合庄
18%
亦庄T1线 融兴街
18%
No matching quizzes found
Score Distribution
Percent of People with Each Score
Percentile by Number Answered
Your Score History
You have not taken this quiz since the last reset